[Event "12th Africa-ch (w)"]
[Site "Livingstone ZAM"]
[Date "2018.05.18"]
[Round "6"]
[White "Francis, Onkemetse Linda"]
[Black "Sherif, Amina"]
[Result "0-1"]
[WhiteElo "1813"]
[BlackElo "1955"]
[EventDate "2018.05.13"]
[PlyCount "80"]

1.e4 c5 2.Nc3 d6 3.g3 Nc6 4.Bg2 g6 5.d3 Bg7 6.Nge2 e6 7.Bf4 a6 8.a4 Nge7 
9.Qc1 Nd4 10.O-O Nec6 11.Nxd4 Nxd4 12.Qd1 O-O 13.Rb1 Qd7 14.Bd2 b6 15.b3 
Bb7 16.Ne2 Rfc8 17.Nf4 b5 18.c3 Nc6 19.axb5 axb5 20.Ra1 Rxa1 21.Qxa1 b4 
22.Qe1 bxc3 23.Bxc3 Nd4 24.Qb1 Qb5 25.Bxd4 Bxd4 26.Ne2 Bg7 27.Rd1 Ra8 28.
Qc2 Ra3 29.Rb1 Qa5 30.Nc1 Qe1+ 31.Bf1 Bd4 32.Qe2 Qb4 33.Na2 Qa5 34.Nc1 Ba6
35.Qd1 Qb6 36.Qd2 Bb7 37.Qg5 c4 38.dxc4 Bxf2+ 39.Kh1 Bxe4+ 40.Bg2 Bxb1 0-1

[Event "12th Africa-ch (w)"]
[Site "Livingstone ZAM"]
[Date "2018.05.18"]
[Round "6"]
[White "Botlhole, Kgalalelo"]
[Black "Laubscher, Anzel"]
[Result "1/2-1/2"]
[WhiteElo "1728"]
[BlackElo "1803"]
[EventDate "2018.05.13"]
[PlyCount "86"]

1.c4 e5 2.Nc3 Nc6 3.g3 d6 4.Bg2 Be6 5.d3 Qd7 6.Nd5 Nd8 7.Nf3 c6 8.Nc3 Bh3 
9.O-O Be7 10.d4 Bxg2 11.Kxg2 Qe6 12.dxe5 dxe5 13.Qa4 Rc8 14.Qxa7 h5 15.Qe3
f6 16.Qe4 g5 17.Qg6+ Kf8 18.h4 g4 19.Ng1 Qxc4 20.Qf5 Qe6 21.Qxe6 Nxe6 22.
Rd1 Rd8 23.Rxd8+ Bxd8 24.b3 Nh6 25.Ba3+ Be7 26.Bxe7+ Kxe7 27.Rd1 Nf5 28.e3
Rd8 29.Nge2 Rxd1 30.Nxd1 Nc5 31.Nec3 Nd6 32.Kf1 f5 33.Ne2 Nde4 34.Nec3 Kd6
35.Ke2 b5 36.b4 Nxc3+ 37.Nxc3 Na6 38.a3 Nc7 39.f3 gxf3+ 40.Kxf3 Nd5 41.Ne2
Nf6 42.Nc3 Nd5 43.Ne2 Nf6 1/2-1/2

[Event "12th Africa-ch (w)"]
[Site "Livingstone ZAM"]
[Date "2018.05.18"]
[Round "6"]
[White "Banda, Maria"]
[Black "Desiderata, Nkhoma"]
[Result "1-0"]
[WhiteElo "1584"]
[BlackElo "1481"]
[EventDate "2018.05.13"]
[PlyCount "89"]

1.e4 e5 2.Nf3 Nc6 3.d4 exd4 4.Nxd4 Be7 5.Bc4 Nf6 6.Nc3 O-O 7.O-O Ne5 8.Bb3
d6 9.h3 a6 10.f4 Ned7 11.Kh1 Nc5 12.Re1 h6 13.Bc4 b5 14.Bd5 Nxd5 15.Nxd5 
Bb7 16.Nf5 Bxd5 17.Qxd5 Qd7 18.Qd1 Rfe8 19.Qg4 g6 20.Nxh6+ Kg7 21.f5 Rh8 
22.b4 Rxh6 23.bxc5 Bf6 24.e5 dxe5 25.Bxh6+ Kxh6 26.Qf3 c6 27.Rad1 Qc7 28.
fxg6 Kxg6 29.Rd6 Qe7 30.Rf1 Kh7 31.Qxf6 Qxf6 32.Rfxf6 e4 33.Rxf7+ Kg8 34.
Re7 Rf8 35.Rxc6 Rf7 36.Rc8+ Kg7 37.Rcc7 Rxe7 38.Rxe7+ Kf6 39.Rxe4 b4 40.c6
b3 41.cxb3 a5 42.c7 a4 43.c8=Q axb3 44.Qf8+ Kg5 45.Rg4+ 1-0

[Event "12th Africa-ch (w)"]
[Site "Livingstone ZAM"]
[Date "2018.05.18"]
[Round "6"]
[White "Makwena, Christine"]
[Black "Simenda, Daisy"]
[Result "1/2-1/2"]
[WhiteElo "1513"]
[BlackElo "1502"]
[EventDate "2018.05.13"]
[PlyCount "94"]

1.c4 e5 2.Nc3 Nc6 3.g3 d6 4.Bg2 Bd7 5.Nf3 Be7 6.O-O Nf6 7.d3 O-O 8.a3 a5 
9.Rb1 Qc8 10.Re1 h6 11.Bd2 Nh7 12.Nd5 Bd8 13.b4 axb4 14.axb4 Ne7 15.Nxe7+ 
Bxe7 16.b5 f5 17.e3 c6 18.bxc6 bxc6 19.Bc3 Bd8 20.Qb3 Kh8 21.Nd2 f4 22.
exf4 exf4 23.Qb7 fxg3 24.hxg3 Nf6 25.Ne4 Qxb7 26.Rxb7 Bc8 27.Rbb1 Nxe4 28.
Bxe4 Ra2 29.f4 c5 30.Rb2 Rxb2 31.Bxb2 Bf6 32.Rb1 Bxb2 33.Rxb2 Bg4 34.Rb6 
Rd8 35.Kf2 Kg8 36.Ke3 Kf7 37.Rb7+ Rd7 38.Rxd7+ Bxd7 39.d4 Kf6 40.dxc5 dxc5
41.Kf3 g5 42.fxg5+ Kxg5 43.Bd5 Bf5 44.Bc6 Be6 45.Bb5 Bf5 46.Bc6 Be6 47.Bb5
Bf5 1/2-1/2

[Event "12th Africa-ch (w)"]
[Site "Livingstone ZAM"]
[Date "2018.05.18"]
[Round "6"]
[White "Angolikin, Goretti"]
[Black "Mashane, Mary"]
[Result "0-1"]
[WhiteElo "1701"]
[BlackElo "1285"]
[EventDate "2018.05.13"]
[PlyCount "211"]

1.e4 e5 2.Nf3 Nc6 3.Bc4 Be7 4.a3 Nf6 5.d3 O-O 6.Be3 d5 7.exd5 Nxd5 8.O-O 
Nxe3 9.fxe3 Bc5 10.Qe1 Qe7 11.Nc3 Bg4 12.Kh1 Be6 13.Bxe6 Qxe6 14.Ne4 Be7 
15.Qg3 f6 16.Nc3 Nd8 17.e4 Nf7 18.Nh4 Nh6 19.Nf5 Nxf5 20.Rxf5 c6 21.Raf1 
Qf7 22.h3 b5 23.Qe1 a5 24.Ne2 Qa2 25.Qc1 b4 26.axb4 axb4 27.b3 Qa3 28.Qd2 
Qb2 29.Ng3 Ra1 30.Rxa1 Qxa1+ 31.Rf1 Qa7 32.Nf5 Bc5 33.Qe2 Kh8 34.Qg4 g6 
35.Ng3 Qf7 36.Qd1 Qg7 37.Qa1 Bd4 38.Qa6 c5 39.Ne2 Be3 40.Qe6 Bg5 41.Ra1 h5
42.Qb6 Be3 43.c3 bxc3 44.Nxc3 Bd4 45.Ra7 Qh6 46.Ne2 Bf2 47.Rb7 Qe3 48.Qd6 
Qh6 49.Qe7 g5 50.g3 Rg8 51.Kg2 Be3 52.Rb6 Rf8 53.Rb7 g4 54.h4 Rg8 55.Rb6 
Qg7 56.Qxf6 Qxf6 57.Rxf6 Rd8 58.Re6 Rxd3 59.Rxe5 Rxb3 60.Rxh5+ Kg7 61.Nf4 
c4 62.Rg5+ Kf6 63.Nd5+ Ke6 64.Rxg4 Bd2 65.Rg6+ Ke5 66.Rc6 Kxe4 67.Rxc4+ 
Kxd5 68.Ra4 Be1 69.Rg4 Ke5 70.h5 Kf5 71.Rg8 Bc3 72.h6 Rb7 73.g4+ Kf4 74.g5
Kg4 75.Kf1 Bd2 76.Rg7 Rb1+ 77.Ke2 Bxg5 78.h7 Rh1 79.Kd3 Kf5 80.Rb7 Kg6 81.
Ke4 Bf6 82.Rd7 Bg7 83.Rb7 Kxh7 84.Kf5 Rf1+ 85.Kg5 Rg1+ 86.Kf5 Kh6 87.Rb6+ 
Kh5 88.Rb7 Rg5+ 89.Ke4 Kg4 90.Rf7 Re5+ 91.Kd3 Bh6 92.Rh7 Bf4 93.Kd4 Re1 
94.Rg7+ Kf3 95.Rh7 Rd1+ 96.Kc4 Ke4 97.Re7+ Be5 98.Re6 Rc1+ 99.Kb5 Kd5 100.
Re8 Bd6 101.Rh8 Rb1+ 102.Ka4 Kc6 103.Rc8+ Kb7 104.Rg8 Kb6 105.Rg6 Rb4+ 
106.Ka3 0-1

[Event "12th Africa-ch (w)"]
[Site "Livingstone ZAM"]
[Date "2018.05.18"]
[Round "6"]
[White "Kudzanayi, Charinda"]
[Black "Mwilola, Phylis Namasiku"]
[Result "1-0"]
[WhiteElo "1692"]
[BlackElo "1497"]
[EventDate "2018.05.13"]
[PlyCount "83"]

1.c4 e5 2.Nc3 Nf6 3.g3 c6 4.Bg2 d5 5.cxd5 cxd5 6.Qb3 Nc6 7.Nxd5 Nd4 8.
Nxf6+ Qxf6 9.Qd1 Bf5 10.d3 Rc8 11.Rb1 Nc2+ 12.Kf1 Be6 13.b3 Ba3 14.Nf3 O-O
15.Bxa3 Nxa3 16.Rc1 Rfd8 17.Nd2 Rxc1 18.Qxc1 Qg5 19.h4 Qe7 20.Nc4 Rc8 21.
Qb2 Qc5 22.Bxb7 Nxc4 23.dxc4 Rd8 24.Kg2 f6 25.Bf3 Qb4 26.Rc1 Bf5 27.a3 Rd2
28.axb4 Rxb2 29.Bd5+ Kf8 30.e4 Bg4 31.c5 Ke7 32.Ra1 Kd8 33.Rxa7 Rd2 34.
Rxg7 f5 35.c6 Rc2 36.b5 h5 37.b6 f4 38.c7+ Ke8 39.gxf4 exf4 40.b7 Kf8 41.
Rf7+ Ke8 42.b8=Q+ 1-0

[Event "12th Africa-ch (w)"]
[Site "Livingstone ZAM"]
[Date "2018.05.18"]
[Round "7"]
[White "Sherif, Amina"]
[Black "Shahenda, Wafa"]
[Result "0-1"]
[WhiteElo "1955"]
[BlackElo "2148"]
[EventDate "2018.05.13"]
[PlyCount "54"]

1.d4 Nf6 2.Nf3 e6 3.e3 b6 4.Bd3 Bb7 5.O-O Be7 6.c4 O-O 7.Nc3 d5 8.b3 Nbd7 
9.Bb2 Ne4 10.Rc1 f5 11.Ne2 Bd6 12.Ne5 Bxe5 13.dxe5 Ndc5 14.cxd5 Nxd3 15.
Qxd3 Bxd5 16.Nf4 Nc5 17.Qe2 Bb7 18.Ba3 Ba6 19.Qf3 Bxf1 20.Bxc5 Re8 21.Kxf1
bxc5 22.Qc6 Qe7 23.Rxc5 Rad8 24.Rc1 Rd2 25.Qa4 Red8 26.b4 Qh4 27.Nh3 Qg4 
0-1

[Event "12th Africa-ch (w)"]
[Site "Livingstone ZAM"]
[Date "2018.05.18"]
[Round "7"]
[White "Caxita, Esperanca"]
[Black "Latreche, Sabrina"]
[Result "0-1"]
[WhiteElo "1761"]
[BlackElo "2043"]
[EventDate "2018.05.13"]
[PlyCount "144"]

1.e4 e5 2.Nf3 Nc6 3.Bc4 Bc5 4.c3 Nf6 5.d3 d6 6.O-O Bb6 7.h3 O-O 8.Bg5 h6 
9.Bh4 Be6 10.Nbd2 g5 11.Bg3 Nh5 12.Bh2 Nf4 13.Bxf4 gxf4 14.Bxe6 fxe6 15.
Nc4 Qf6 16.Nxb6 axb6 17.Nh2 Kh7 18.f3 Rg8 19.Rf2 Qh4 20.Qe1 Qxh3 21.Rd2 
Qh5 22.Ng4 Qg5 23.Kf2 h5 24.Qh1 Kg6 25.Nh2 Qg3+ 26.Ke2 Kf7 27.Kd1 Ne7 28.
Kc2 Ng6 29.a3 Nh4 30.Rg1 Qg5 31.Rf2 Rg7 32.Nf1 Rag8 33.Qh3 Ng6 34.Rh1 Rh8 
35.Rg1 b5 36.g3 fxg3 37.Rxg3 Nf4 38.Rxg5 Nxh3 39.Rxg7+ Kxg7 40.Rg2+ Kf7 
41.Kd2 Nf4 42.Rg3 h4 43.Rg4 c5 44.Ke3 h3 45.Nh2 c4 46.d4 Nd3 47.Rg1 exd4+ 
48.Kxd4 e5+ 49.Ke3 Kf6 50.b4 Ra8 51.Ra1 Rg8 52.Ng4+ Kg5 53.Nxe5 Kh4 54.Ng4
Ne5 55.Nh2 Rg2 56.Rh1 Rxh2 57.Rxh2 Kg3 58.Rh1 Kg2 59.Rd1 h2 60.f4 Ng4+ 61.
Kd4 h1=Q 62.Rxh1 Kxh1 63.Kd5 Nf6+ 64.Kd4 Kg2 65.e5 dxe5+ 66.fxe5 Ng4 67.e6
Kf3 68.e7 Nf6 69.Ke5 Ne8 70.Ke6 Ke4 71.Kd7 Ng7 72.Kc7 Kd3 0-1

[Event "12th Africa-ch (w)"]
[Site "Livingstone ZAM"]
[Date "2018.05.18"]
[Round "7"]
[White "Mwango, Makumba Lorita"]
[Black "Latreche, Khadidja"]
[Result "1-0"]
[WhiteElo "1923"]
[BlackElo "1888"]
[EventDate "2018.05.13"]
[PlyCount "79"]

1.d4 Nf6 2.Nf3 e6 3.Bf4 d5 4.e3 c5 5.c4 cxd4 6.Nxd4 Bb4+ 7.Nd2 Ne4 8.Nf3 
e5 9.Bxe5 Bg4 10.Bc3 Nxc3 11.bxc3 Bxc3 12.Rb1 Qa5 13.Qc2 O-O 14.Rb5 Qa3 
15.Rb3 Bxd2+ 16.Qxd2 Qe7 17.cxd5 Rd8 18.Be2 Nc6 19.O-O Bxf3 20.Bxf3 Ne5 
21.Be2 f5 22.h3 Rd6 23.Rd1 Rad8 24.Qb4 b6 25.Rb2 Nd7 26.Rbd2 Nc5 27.Bf3 
Nd7 28.Qf4 Rf8 29.Rc2 g5 30.Qd4 Nc5 31.g4 fxg4 32.Bxg4 Ne4 33.f3 Nf6 34.e4
Nxg4 35.fxg4 Rf3 36.Rd3 Qf8 37.Rxf3 Qxf3 38.Rc8+ Kf7 39.Rc7+ Kg8 40.Qg7# 
1-0

[Event "12th Africa-ch (w)"]
[Site "Livingstone ZAM"]
[Date "2018.05.18"]
[Round "7"]
[White "Tlale, Tshepang"]
[Black "Mezioud, Amina"]
[Result "0-1"]
[WhiteElo "1844"]
[BlackElo "2078"]
[EventDate "2018.05.13"]
[PlyCount "116"]

1.Nf3 c5 2.c4 e6 3.g3 Nc6 4.Bg2 Nf6 5.O-O d5 6.b3 Be7 7.Bb2 O-O 8.e3 dxc4 
9.bxc4 Qd3 10.Qb3 Rd8 11.Qxd3 Rxd3 12.Rd1 Rd8 13.Na3 Bd7 14.Ne5 Nxe5 15.
Bxe5 Bc6 16.Bxc6 bxc6 17.Nc2 Rd7 18.Rab1 Rad8 19.Bc3 Rc8 20.d3 h6 21.Kf1 
Ne8 22.Ke2 f6 23.Na1 e5 24.Nb3 Nc7 25.Na5 Na6 26.a3 Kf7 27.Rb2 Bd8 28.Rb7 
Rxb7 29.Nxb7 Rb8 30.Nxd8+ Rxd8 31.Rb1 Rb8 32.Rxb8 Nxb8 33.d4 cxd4 34.exd4 
exd4 35.Bxd4 a6 36.Kd3 Nd7 37.c5 Ke6 38.Kc4 g5 39.Kb4 Kd5 40.Be3 Ne5 41.
Kc3 Nc4 42.Bd4 Nxa3 43.Bxf6 Nb5+ 44.Kb4 Nc7 45.f3 Ne6 46.Be7 Nd4 47.f4 g4 
48.Ka5 Nf3 49.f5 Nxh2 50.f6 Ke6 51.Kxa6 Nf3 52.Kb6 Nd4 53.Bd6 Kxf6 54.Bf4 
h5 55.Be3 Ke5 56.Bf4+ Kd5 57.Be3 Nf5 58.Bf4 h4 0-1

[Event "12th Africa-ch (w)"]
[Site "Livingstone ZAM"]
[Date "2018.05.18"]
[Round "7"]
[White "Vilhete, Vania"]
[Black "Banda, Maria"]
[Result "1-0"]
[WhiteElo "1717"]
[BlackElo "1584"]
[EventDate "2018.05.13"]
[PlyCount "102"]

1.d4 d5 2.c4 dxc4 3.Nc3 Nf6 4.e3 Bf5 5.Bxc4 e6 6.Nf3 Nbd7 7.O-O Bd6 8.Re1 
Ne4 9.Bd3 Ndf6 10.Qc2 Nxc3 11.Bxf5 exf5 12.bxc3 Ne4 13.c4 c6 14.g3 h5 15.
Nd2 Nxd2 16.Bxd2 Qd7 17.e4 f4 18.e5 Be7 19.Bxf4 Qxd4 20.Rad1 Qb6 21.e6 Rf8
22.exf7+ Kxf7 23.Rd7 Rae8 24.Qf5+ Kg8 25.Qe6+ Rf7 26.Be3 c5 27.Qd5 Rd8 28.
Rxd8+ Qxd8 29.Qxd8+ Bxd8 30.Bxc5 Bb6 31.Bxb6 axb6 32.Re6 Rc7 33.Rxb6 Kh7 
34.Kg2 g6 35.a4 Kh6 36.a5 Kg5 37.Rb5+ Kf6 38.h4 Rxc4 39.Rxb7 Ra4 40.Ra7 
Ke6 41.a6 Kf6 42.Ra8 Kf7 43.a7 Kg7 44.Kf3 Kf7 45.Ke3 Kg7 46.Kd3 Kf7 47.Kc3
Ra1 48.Kb4 Rb1+ 49.Ka5 Ra1+ 50.Kb4 Rb1+ 51.Kc3 Ra1 1-0

[Event "12th Africa-ch (w)"]
[Site "Livingstone ZAM"]
[Date "2018.05.18"]
[Round "7"]
[White "Laubscher, Anzel"]
[Black "Makwena, Christine"]
[Result "0-1"]
[WhiteElo "1803"]
[BlackElo "1513"]
[EventDate "2018.05.13"]
[PlyCount "82"]

1.e4 e6 2.d4 d5 3.e5 c5 4.Nf3 Nc6 5.Bd3 Bd7 6.O-O Qb6 7.Re1 cxd4 8.a3 Nge7
9.b4 Ng6 10.Bxg6 hxg6 11.Nbd2 a5 12.bxa5 Nxa5 13.Rb1 Qc7 14.Nxd4 Be7 15.
N2f3 O-O 16.Ng5 Nc4 17.Ndf3 Nxa3 18.Bxa3 Rxa3 19.Qd2 Rc8 20.c4 dxc4 21.Qd4
Rxf3 22.Nxf3 b5 23.Ra1 Bc5 24.Qh4 Kf8 25.Qh8+ Ke7 26.Qxg7 Rf8 27.Ng5 Qb8 
28.Red1 c3 29.Qf6+ Ke8 30.Ne4 Be7 31.Qf4 b4 32.Rac1 f6 33.Nd6+ Bxd6 34.
exd6 Kf7 35.g4 g5 36.Qe4 Rh8 37.Rd4 Qb6 38.Rcd1 b3 39.Re1 c2 40.Qd3 b2 41.
Qxc2 Qxd4 0-1

[Event "12th Africa-ch (w)"]
[Site "Livingstone ZAM"]
[Date "2018.05.18"]
[Round "7"]
[White "Kudzanayi, Charinda"]
[Black "Francis, Onkemetse Linda"]
[Result "1-0"]
[WhiteElo "1692"]
[BlackElo "1813"]
[EventDate "2018.05.13"]
[PlyCount "79"]

1.d4 d5 2.Nf3 Nf6 3.e3 e6 4.c4 Nbd7 5.c5 c6 6.Bd3 g6 7.Nc3 Bg7 8.O-O Qe7 
9.b4 e5 10.dxe5 Nxe5 11.Nd4 O-O 12.Bb2 Nh5 13.Be2 Nf6 14.Rc1 Ned7 15.a3 
Ne4 16.Nxe4 dxe4 17.Re1 Re8 18.Qc2 Nf6 19.Red1 Bd7 20.a4 Nd5 21.Qb3 a6 22.
Ba1 Nc7 23.Qb2 Ne6 24.Qb3 Nxd4 25.Bxd4 Rad8 26.Qb2 Bxd4 27.Rxd4 Bf5 28.
Rcd1 Rxd4 29.Rxd4 Qe5 30.Qd2 Qe7 31.h3 Qg5 32.Kh1 Qf6 33.Bc4 Bc8 34.a5 Qh4
35.Rd6 Rf8 36.Qb2 Qg5 37.Rf6 Qh5 38.Qd4 Qh4 39.Rf4 Qd8 40.Rxf7 1-0

[Event "12th Africa-ch (w)"]
[Site "Livingstone ZAM"]
[Date "2018.05.18"]
[Round "7"]
[White "Mashane, Mary"]
[Black "Botlhole, Kgalalelo"]
[Result "0-1"]
[WhiteElo "1285"]
[BlackElo "1728"]
[EventDate "2018.05.13"]
[PlyCount "54"]

1.e4 e5 2.Nf3 Nc6 3.Nc3 Nf6 4.Be2 Bc5 5.O-O O-O 6.d3 h6 7.Nd5 d6 8.a3 a5 
9.c3 Be6 10.c4 Nd4 11.Nxd4 Bxd4 12.Rb1 c6 13.Ne3 Qd7 14.h3 Rad8 15.Bf3 
Rfe8 16.Ng4 Nxg4 17.Bxg4 d5 18.Bxe6 Rxe6 19.Qb3 Rg6 20.Kh1 dxe4 21.dxe4 
Qe7 22.Be3 Qh4 23.Bxd4 Rxd4 24.f3 Rd2 25.Rg1 Qg3 26.Rbe1 Rxg2 27.Qe3 Qh2# 
0-1

[Event "12th Africa-ch (w)"]
[Site "Livingstone ZAM"]
[Date "2018.05.18"]
[Round "7"]
[White "Simenda, Daisy"]
[Black "Desiderata, Nkhoma"]
[Result "0-1"]
[WhiteElo "1502"]
[BlackElo "1481"]
[EventDate "2018.05.13"]
[PlyCount "92"]

1.e4 c6 2.d4 d5 3.e5 g6 4.Nf3 Bg7 5.Be2 Nh6 6.c3 O-O 7.h3 f5 8.exf6 exf6 
9.O-O Nd7 10.Nbd2 Nb6 11.Re1 Be6 12.b3 Qd7 13.Nf1 Nc8 14.Bd2 Ne7 15.Qc1 
Nf7 16.Ne3 a5 17.a4 b6 18.Bd3 Kh8 19.Qa3 Nd6 20.b4 Ndf5 21.b5 Nxe3 22.Bxe3
Bf5 23.bxc6 Nxc6 24.Bb5 Rac8 25.Rad1 Qc7 26.Qc1 g5 27.Nh2 Na7 28.Bd3 Bxd3 
29.Rxd3 Qc4 30.Qc2 b5 31.axb5 Nxb5 32.Rc1 a4 33.Nf1 a3 34.Nd2 Qc6 35.Qb3 
Rfd8 36.Ra1 Bf8 37.Nb1 Qc4 38.Qxc4 Rxc4 39.Bc1 Ra8 40.Kf1 a2 41.Nd2 Rxc3 
42.Rxc3 Nxc3 43.Ke1 Ba3 44.Nb3 Rb8 45.Nd2 Bxc1 46.Rxc1 Nb1 0-1

[Event "12th Africa-ch (w)"]
[Site "Livingstone ZAM"]
[Date "2018.05.18"]
[Round "7"]
[White "Mwilola, Phylis Namasiku"]
[Black "Angolikin, Goretti"]
[Result "0-1"]
[WhiteElo "1497"]
[BlackElo "1701"]
[EventDate "2018.05.13"]
[PlyCount "70"]

1.d4 f5 2.Bf4 Nf6 3.e3 e6 4.Nd2 d5 5.Ngf3 Bd6 6.Ne5 O-O 7.Be2 Ne4 8.Nxe4 
fxe4 9.a4 c5 10.c3 Bxe5 11.dxe5 Nc6 12.g4 d4 13.Bc4 a6 14.Qd2 b5 15.Bf1 
Qd5 16.cxd4 cxd4 17.Bg2 Bb7 18.O-O Nxe5 19.Bxe5 Qxe5 20.Qxd4 Qxd4 21.exd4 
Rf4 22.Bh3 Bd5 23.b3 Raf8 24.Rac1 Rf3 25.Bg2 R3f4 26.Bh3 h5 27.gxh5 Rh4 
28.Rc3 Rxh5 29.Rg3 Rh6 30.Rc1 Rhf6 31.Rc2 Kh7 32.Re2 Rf3 33.Bg2 R3f4 34.
Rge3 Rg4 35.Rh3+ Kg8 0-1

[Event "12th Africa-ch (w)"]
[Site "Livingstone ZAM"]
[Date "2018.05.19"]
[Round "8"]
[White "Shahenda, Wafa"]
[Black "Vilhete, Vania"]
[Result "1-0"]
[WhiteElo "2148"]
[BlackElo "1717"]
[EventDate "2018.05.13"]
[PlyCount "95"]

1.e4 c5 2.Nf3 d6 3.d4 cxd4 4.Nxd4 Nf6 5.Nc3 a6 6.Bg5 e6 7.f4 Be7 8.Qf3 Qc7
9.O-O-O Nbd7 10.Bd3 b5 11.a3 Bb7 12.Rhe1 Rc8 13.Qe2 Nc5 14.g4 O-O 15.Kb1 
Qa5 16.Qd2 Rfe8 17.e5 Nxd3 18.cxd3 dxe5 19.fxe5 Nd7 20.Bxe7 Rxe7 21.Nd5 
Qd8 22.Nxe7+ Qxe7 23.Rc1 Rxc1+ 24.Qxc1 Nb6 25.Qc2 g6 26.Rc1 Nd5 27.Nb3 Ne3
28.Qe2 Qg5 29.Rc7 Bd5 30.Qf2 Nf5 31.gxf5 Bxb3 32.Rc8+ Kg7 33.f6+ Kh6 34.
Rc3 Bd5 35.Qg3 Qh5 36.Rc1 g5 37.Rg1 Kg6 38.Qe3 h6 39.h3 Qf3 40.Qxf3 Bxf3 
41.Rg3 Bd5 42.d4 a5 43.Rc3 a4 44.Rc8 Be4+ 45.Kc1 Kh7 46.Rf8 Bg6 47.Kd2 h5 
48.Rb8 1-0

[Event "12th Africa-ch (w)"]
[Site "Livingstone ZAM"]
[Date "2018.05.19"]
[Round "8"]
[White "Mezioud, Amina"]
[Black "Mwango, Makumba Lorita"]
[Result "1-0"]
[WhiteElo "2078"]
[BlackElo "1923"]
[EventDate "2018.05.13"]
[PlyCount "118"]

1.e4 e6 2.Nf3 d5 3.Nc3 Nf6 4.e5 Nfd7 5.d4 c5 6.dxc5 Bxc5 7.Bd3 Nc6 8.Bf4 
Qb6 9.O-O Qxb2 10.Nb5 Rb8 11.Bd2 d4 12.Qe2 a6 13.Rfb1 Qxb1+ 14.Rxb1 axb5 
15.Rxb5 h6 16.Qe4 Ra8 17.Rb2 Ndb8 18.Qg4 Kf8 19.Qf4 Ke8 20.Bb5 Bd7 21.a4 
b6 22.c3 dxc3 23.Bxc3 Ra7 24.h3 Na6 25.Qe4 Nab8 26.Bd4 Nxd4 27.Nxd4 Ke7 
28.Nb3 Rc8 29.Nxc5 Rxc5 30.Qd4 Rb7 31.Qd6+ Ke8 32.Rd2 Rc8 33.Qd3 g6 34.Qf3
Rbc7 35.Qe3 Bxb5 36.axb5 Nd7 37.Qxh6 Rc5 38.Qh8+ Ke7 39.Qh4+ Ke8 40.Qh8+ 
Ke7 41.Qh4+ Ke8 42.f4 Rxb5 43.Qh8+ Nf8 44.g4 Rbc5 45.f5 Rc1+ 46.Kf2 R1c2 
47.Rxc2 Rxc2+ 48.Ke3 b5 49.Kd3 Rc7 50.f6 b4 51.Qh6 b3 52.Qf4 Nd7 53.Qb4 
Nxe5+ 54.Kd2 Nc6 55.Qd6 Rc8 56.Qa3 Kd7 57.Kd1 Rb8 58.Kc1 b2+ 59.Kb1 Rb7 
1-0

[Event "12th Africa-ch (w)"]
[Site "Livingstone ZAM"]
[Date "2018.05.19"]
[Round "8"]
[White "Latreche, Sabrina"]
[Black "Sherif, Amina"]
[Result "1/2-1/2"]
[WhiteElo "2043"]
[BlackElo "1955"]
[EventDate "2018.05.13"]
[PlyCount "63"]

1.e4 c5 2.Nf3 e6 3.d3 d5 4.Nbd2 Nc6 5.g3 Nf6 6.Bg2 Be7 7.O-O Qc7 8.Re1 b6 
9.e5 Nd7 10.Qe2 Bb7 11.c3 g5 12.h3 O-O-O 13.Nf1 Ba6 14.Nxg5 Ncxe5 15.Nxf7 
Nxf7 16.Qxe6 Nd6 17.Qxe7 Rhe8 18.Bf4 Rxe7 19.Rxe7 Bxd3 20.Bxd5 c4 21.Ne3 
Qc5 22.b4 cxb3 23.axb3 Nb5 24.Re6 Nb8 25.c4 Nc3 26.Rxa7 Ne2+ 27.Kh2 Nxf4 
28.Bb7+ Kd7 29.Bd5+ Kc8 30.Bb7+ Kd7 31.Bd5+ Kc8 32.Bb7+ 1/2-1/2

[Event "12th Africa-ch (w)"]
[Site "Livingstone ZAM"]
[Date "2018.05.19"]
[Round "8"]
[White "Botlhole, Kgalalelo"]
[Black "Caxita, Esperanca"]
[Result "1/2-1/2"]
[WhiteElo "1728"]
[BlackElo "1761"]
[EventDate "2018.05.13"]
[PlyCount "52"]

1.c4 d5 2.d4 Nf6 3.Nc3 c6 4.cxd5 cxd5 5.Nf3 Nc6 6.Bf4 a6 7.e3 Qb6 8.Qd2 
Bf5 9.a3 Na5 10.Na4 Qd8 11.Qd1 e6 12.Bd3 Bxd3 13.Qxd3 Nc4 14.b4 Bd6 15.
Bxd6 Qxd6 16.O-O O-O 17.Rfc1 b5 18.Nc5 h6 19.h3 Nd7 20.Rc2 Rfb8 21.Rca2 
Ndb6 22.Nd2 Qc6 23.Nf3 Ra7 24.Qb3 a5 25.bxa5 Nxa5 26.Qb4 Nbc4 1/2-1/2

[Event "12th Africa-ch (w)"]
[Site "Livingstone ZAM"]
[Date "2018.05.19"]
[Round "8"]
[White "Latreche, Khadidja"]
[Black "Tlale, Tshepang"]
[Result "1-0"]
[WhiteElo "1888"]
[BlackElo "1844"]
[EventDate "2018.05.13"]
[PlyCount "43"]

1.e4 d5 2.exd5 Nf6 3.Bb5+ Bd7 4.Be2 Bc8 5.d4 Nxd5 6.Nf3 Bf5 7.O-O e6 8.a3 
Nc6 9.c4 Nb6 10.Nc3 Be7 11.h3 O-O 12.Be3 Bf6 13.b4 e5 14.dxe5 Nxe5 15.Nxe5
Bxe5 16.Qb3 Qf6 17.Rac1 Qg6 18.Kh1 Rad8 19.Bxb6 axb6 20.Nd5 Rfe8 21.Rfd1 
c6 22.Ne7+ 1-0

[Event "12th Africa-ch (w)"]
[Site "Livingstone ZAM"]
[Date "2018.05.19"]
[Round "8"]
[White "Desiderata, Nkhoma"]
[Black "Makwena, Christine"]
[Result "0-1"]
[WhiteElo "1481"]
[BlackElo "1513"]
[EventDate "2018.05.13"]
[PlyCount "57"]

1.e4 e6 2.d4 d5 3.e5 c5 4.c3 Nc6 5.Be3 Qb6 6.Qc2 Bd7 7.Nf3 Rc8 8.Be2 cxd4 
9.Bd2 dxc3 10.bxc3 Nge7 11.O-O Ng6 12.Be3 Qc7 13.Bb5 Ncxe5 14.Bxd7+ Nxd7 
15.Bd4 a6 16.Nbd2 Nb8 17.Nb3 Nc6 18.Be3 Nb4 19.Qd1 Nc6 20.h3 Be7 21.Bg5 
O-O 22.Qd2 Bxg5 23.Qxg5 Nce5 24.Rac1 Nxf3+ 25.gxf3 h6 26.Qg4 Qf4 27.Nd4 
Qxg4+ 28.fxg4 Nf4 29.Kh2 0-1

[Event "12th Africa-ch (w)"]
[Site "Livingstone ZAM"]
[Date "2018.05.19"]
[Round "8"]
[White "Simenda, Daisy"]
[Black "Kudzanayi, Charinda"]
[Result "0-1"]
[WhiteElo "1502"]
[BlackElo "1692"]
[EventDate "2018.05.13"]
[PlyCount "42"]

1.d4 d5 2.c4 e6 3.e3 Nf6 4.a3 Be7 5.Nf3 Nbd7 6.c5 O-O 7.Bd3 c6 8.b4 Qc7 9.
O-O e5 10.Be2 e4 11.Nfd2 Re8 12.h3 Nf8 13.f3 Bd8 14.fxe4 Nxe4 15.Nxe4 Rxe4
16.Bd3 Rh4 17.Qf3 Ne6 18.Nd2 Ng5 19.Qe2 Qg3 20.Nf3 Nxh3+ 21.Kh1 Nf2+ 0-1

[Event "12th Africa-ch (w)"]
[Site "Livingstone ZAM"]
[Date "2018.05.19"]
[Round "8"]
[White "Banda, Maria"]
[Black "Angolikin, Goretti"]
[Result "1/2-1/2"]
[WhiteElo "1584"]
[BlackElo "1701"]
[EventDate "2018.05.13"]
[PlyCount "59"]

1.e4 c6 2.d4 d5 3.exd5 cxd5 4.Nc3 Nf6 5.Nf3 e6 6.a3 Bd6 7.h3 O-O 8.Bd3 h6 
9.O-O Nc6 10.Re1 a6 11.Ne2 Bd7 12.c3 Qc7 13.Kh1 Na7 14.Neg1 Bb5 15.Bc2 Bf4
16.Ne5 Bxc1 17.Rxc1 Qd6 18.a4 Bc6 19.f3 Nd7 20.Qd3 f5 21.f4 Nxe5 22.Rxe5 
Bd7 23.Qd2 Nc6 24.Re2 a5 25.b3 b5 26.c4 Nb8 27.c5 Qc7 28.Nf3 bxa4 29.bxa4 
Nc6 30.Ne5 1/2-1/2

[Event "12th Africa-ch (w)"]
[Site "Livingstone ZAM"]
[Date "2018.05.19"]
[Round "8"]
[White "Laubscher, Anzel"]
[Black "Mwilola, Phylis Namasiku"]
[Result "1-0"]
[WhiteElo "1803"]
[BlackElo "1497"]
[EventDate "2018.05.13"]
[PlyCount "77"]

1.e4 d6 2.d4 Nf6 3.Bd3 g6 4.Nf3 Bg7 5.O-O O-O 6.c3 Nbd7 7.Bg5 c5 8.Qd2 b6 
9.Bh6 Bb7 10.Bxg7 Kxg7 11.Qe2 cxd4 12.cxd4 e5 13.Nc3 exd4 14.Nxd4 Re8 15.
f3 d5 16.Rad1 Nc5 17.e5 Kg8 18.Bb5 Nfd7 19.f4 Qc7 20.Qg4 a6 21.Be2 Ne6 22.
Nf5 Ng7 23.Nd6 Re7 24.Nxb7 Qxb7 25.Nxd5 Re6 26.Bf3 Qa7 27.Nf6+ Nxf6 28.
exf6 b5+ 29.Kh1 Rae8 30.fxg7 Qe7 31.Qg3 Qb4 32.b3 Re3 33.h3 Qc3 34.Qf2 Qb4
35.Qd2 Qxf4 36.Bd5 Qe5 37.Bxf7+ Kxg7 38.Bxe8 Qxe8 39.Qd7+ 1-0

[Event "12th Africa-ch (w)"]
[Site "Livingstone ZAM"]
[Date "2018.05.19"]
[Round "8"]
[White "Francis, Onkemetse Linda"]
[Black "Mashane, Mary"]
[Result "1-0"]
[WhiteElo "1813"]
[BlackElo "1285"]
[EventDate "2018.05.13"]
[PlyCount "45"]

1.e4 e5 2.Nf3 Nc6 3.Bc4 Be7 4.d4 Bf6 5.c3 d6 6.h3 Nge7 7.Be3 O-O 8.O-O Ng6
9.Qc1 Nh4 10.Nbd2 h6 11.Nxh4 Bxh4 12.Nf3 Bf6 13.Bd3 Ne7 14.Re1 Ng6 15.Bc2 
b6 16.Qd2 Bb7 17.Rad1 Qe7 18.Qd3 Rad8 19.d5 c5 20.Nh2 Nf4 21.Bxf4 exf4 22.
e5 Bxe5 23.Qh7# 1-0

[Event "12th Africa-ch (w)"]
[Site "Livingstone ZAM"]
[Date "2018.05.20"]
[Round "9"]
[White "Kudzanayi, Charinda"]
[Black "Shahenda, Wafa"]
[Result "0-1"]
[WhiteElo "1692"]
[BlackElo "2148"]
[EventDate "2018.05.13"]
[PlyCount "144"]

1.d4 Nf6 2.c4 g6 3.Nf3 Bg7 4.Nc3 O-O 5.e3 d6 6.Be2 Nbd7 7.O-O e5 8.d5 a5 
9.Qc2 Nc5 10.e4 Nh5 11.Re1 f5 12.Ng5 f4 13.Bxh5 Qxg5 14.Bf3 Qh4 15.g3 Qf6 
16.Bg2 g5 17.f3 h5 18.Rf1 Bh6 19.Kh1 Rf7 20.gxf4 gxf4 21.Nd1 Rg7 22.Nf2 
Kh8 23.Bd2 Bd7 24.b4 axb4 25.Bxb4 Na6 26.Bc3 Rag8 27.Rg1 Bg5 28.Bh3 Qe7 
29.Bxd7 Qxd7 30.Rg2 Bh4 31.Rxg7 Qxg7 32.Nh3 Qf6 33.Rg1 Nc5 34.Rxg8+ Kxg8 
35.Bb4 Na6 36.Bc3 Kf7 37.a3 Qd8 38.Qg2 Qg8 39.Qxg8+ Kxg8 40.Kg2 Nc5 41.Ng1
Be7 42.Ne2 Na4 43.Ba1 Kf7 44.Nc3 Nb6 45.Nb5 Nxc4 46.Nxc7 Nxa3 47.Bb2 Nc4 
48.Bc1 Bd8 49.Nb5 Ke7 50.Kf2 Bb6+ 51.Ke2 Bc5 52.Kd3 Nb6 53.Bd2 Kd7 54.Be1 
Na4 55.Kc4 Nb2+ 56.Kc3 Nd1+ 57.Kd2 Ne3 58.Ke2 b6 59.Na7 Kc7 60.Nc6 b5 61.
Ba5+ Kb7 62.Be1 Nc2 63.Kd2 Na3 64.Kd3 Nc4 65.Bh4 Bg1 66.h3 Kb6 67.Bd8+ Kc5
68.Bc7 Be3 69.Bb8 b4 70.Ne7 b3 71.Kc3 b2 72.Kc2 Bc1 0-1